000 00345nam a22001457a 4500
020 _a978-1-4080-7430-5
082 _a658
100 _aCole, Gerald A.
245 _aManagement Theory and Practice
250 _a7th
260 _aAndover:
_bCengage Learning,
_c2011
300 _axvi, 608p.: ill.; 27cm
700 _aKelly, Phil
942 _cBK
999 _c22170
_d22170